00293nam a2200109Ia 4500008004100000041000800041082003000049100002500079245003300104260003700137300000900174230411s9999 xx 000 0 und d aeng aF/610.7302/GUP/SAH/B02649 aGupta L C & Sahu V C aPractical Nursing Procedures bJaypee BrothersaNew Delhic1991 a431p